Revaluation : (Record no. 7191)
[ view plain ]
| 000 -LEADER | |
|---|---|
| fixed length control field | 00819cam a2200253 a 4500 |
| 001 - CONTROL NUMBER | |
| JCCL Control Number | 7191 |
| 003 - CONTROL NUMBER IDENTIFIER | |
| JCCL marc code | BD - Jhcc |
| 005 - DATE AND TIME OF LATEST TRANSACTION | |
| control field | 20180206095005.0 |
| 008 - FIXED-LENGTH DATA ELEMENTS--GENERAL INFORMATION | |
| fixed length control field | 880808s1936 enk 000 0 eng d |
| 035 ## - SYSTEM CONTROL NUMBER | |
| system control number | 37-08370 |
| 035 ## - SYSTEM CONTROL NUMBER | |
| system control number | (BD - Jhcc)7191 |
| 040 ## - CATALOGING SOURCE | |
| Original cataloging agency | DLC |
| Transcribing agency | IVD |
| Modifying agency | OCL |
| -- | m.c |
| -- | OCL |
| -- | EQO |
| -- | BD - Jhcc |
| 041 ## - LANGUAGE CODE | |
| Language code of Book | eng |
| 050 #0 - LIBRARY OF CONGRESS CALL NUMBER | |
| Classification number | PR503 |
| Item number | .L4 |
| 082 ## - DEWEY DECIMAL CLASSIFICATION NUMBER | |
| Classification number | 821.09 |
| Author mark and Year | LEA 1936 |
| 100 1# - MAIN ENTRY--PERSONAL NAME | |
| Personal name | Leavis, F. R. |
| Fuller form of name | (Frank Raymond), |
| Dates associated with a name | 1895-1978. |
| 245 10 - TITLE STATEMENT | |
| Title | Revaluation : |
| Remainder of title | tradition & development in English poetry / |
| Statement of responsibility, etc | F.R. Leavis. |
| 260 ## - PUBLICATION, DISTRIBUTION, ETC. (IMPRINT) | |
| Place of publication, distribution, etc | London : |
| Name of publisher, distributor, etc | Chatto & Windus, |
| Date of publication, distribution, etc | 1936. |
| 300 ## - PHYSICAL DESCRIPTION | |
| Pagination | viii, 275 p. ; |
| Dimensions | 22 cm. |
| 505 0# - FORMATTED CONTENTS NOTE | |
| Formatted contents note | The line of wit.--Milton's verse.--Pope.--The Augustan tradition.--Wordsworth.--Shelley.--Keats. |
| 650 #0 - SUBJECT ADDED ENTRY--TOPICAL TERM | |
| Topical term or geographic name as entry element | English poetry |
| General subdivision | History and criticism. |
| 942 ## - ADDED ENTRY ELEMENTS (KOHA) | |
| Source of classification or shelving scheme | Dewey Decimal Classification |
| Koha item type | Books |
| Source of classification or shelving scheme | Damaged status | Not for loan | Home library | Current library | Shelving location | Total Checkouts | Full call number | Barcode | Date last seen | Copy number | Koha item type |
|---|---|---|---|---|---|---|---|---|---|---|---|
| Dewey Decimal Classification | JCC Rouf Library | JCC Rouf Library | General Stacks | 821.09 LEA 1936 | 8698 | 02/06/2018 | C - 1 | Books |